000 00606aas a2200181 4500
999 _c58849
_d58849
001 768714001
003 CO-MdFUSB
005 20170922112622.0
008 170518s1998 cr ||||| |||| 00| 0 spa d
022 _a1409-1968
040 _aCO-MdFUSB
_bspa
_cCO-MdFUSB
_dCO-MdFUSB
041 _aspa
100 1 _aWittig, Randall M.
_eautor
245 1 0 _aCarta abierta al liderazgo evangélico de América Latina
_c/ Wittig, Randall M.
300 _aVolumen 15. Número 3 (1998), página 5
_c: 27 cm.
773 0 _tApuntes Pastorales
_049442
_960143
_gVolumen 15. Número 3 (1998), página 5
_qPágina 5
942 _cANA